Con la estrella y la cruz : historia de la Federación de las Juventudes de Acción Católica Cubana /

Historia de la Federación de las Juventudes de Acción Católica Cubana, desde su fundación en 1928 hasta su disolución en 1967, ya establecido el régimen surgido de la Revolución de 1959. La actuación de la Federación es vista como una presencia viva del laicado en la acción misionera de la Iglesia c...

ver descrição completa

Na minha lista:
Detalhes bibliográficos
Autor principal: Fernández Soneira, Teresa (autor)
Formato: Livro
Idioma:espanhol
Publicado em: Miami, EUA : Universal, 2002, c2002
Colecção:(Colección Félix Varela ; 16)
Assuntos:
Tags: Adicionar Tag
Sem tags, seja o primeiro a adicionar uma tag!

MARC

LEADER 00000nam^a2200000^a^4500
001 000154195
005 20250521000000.0
009 20260310100344.101
020 |a 0-89729-981-7 
037 |a Acervo ITESO - Biblioteca 
041 |a ESP 
082 |a 253.  |b FER 
100 |a Fernández Soneira, Teresa  |e (autor) 
245 1 0 |a Con la estrella y la cruz :  |b historia de la Federación de las Juventudes de Acción Católica Cubana /  |c T. Fernández Soneira ; presen. de Luis Zabala. 
264 4 |a Miami, EUA :  |b Universal,  |c 2002, c2002 
300 |a 2 v. 
336 |a texto  |b txt  |2 rdacontenido 
337 |a sin mediación  |b n  |2 rdamedio 
338 |a volumen  |b nc  |2 rdasoporte 
440 1 |a (Colección Félix Varela ;  |v 16) 
520 |a Historia de la Federación de las Juventudes de Acción Católica Cubana, desde su fundación en 1928 hasta su disolución en 1967, ya establecido el régimen surgido de la Revolución de 1959. La actuación de la Federación es vista como una presencia viva del laicado en la acción misionera de la Iglesia cubana y en el campo de la renovación cristiana en la isla. También es mostrada la labor posterior de los antiguos miembros de la Federación en diferentes partes del mundo, incluida Cuba. La autora, nacida en La Habana en 1947 y exiliada desde 1961 en Miami, había publicado anteriormente Cuba: historia de la educación católica, 1582-1961. 
649 |a XX 
650 |a Acción Católica -  |z Cuba -  |x Historia -  |y Siglo XX 
650 |a Teología Pastoral -  |z Cuba -  |x Historia -  |y Siglo XX 
650 |a Teología Práctica -  |z Cuba -  |x Historia -  |y Siglo XX 
650 |a Iglesia Católica en Cuba -  |x Historia -  |y Siglo XX 
650 |a Catolicismo -  |z Cuba -  |x Historia -  |y Siglo XX 
650 |a Cristianismo -  |z Cuba -  |x Historia -  |y Siglo XX 
650 |a Religión -  |z Cuba -  |x Historia -  |y Siglo XX 
910 |a Fondo General 
920 |a Impresos - Libros 
930 |a Colección General 
905 |a 101 
901 |a 0500086293  |b IT1  |c ACC  |u 20250521 
901 |a 0500086296  |b IT1  |c ACC  |u 20250521 
902 |a https://opac.biblio.iteso.mx/vufind/Record/000154195